History Quiz

Random History or Popular Quiz

Presidential Candidates that Won 45-50% of Popular Vote Quiz Stats

 Plays Quiz Updated Apr 25, 2018

Challenge
Share
Tweet
Embed
Score 0/33 Timer 06:00
1 Play Today
Year Answer % Correct
2000George W. Bush
97.2%
1996Bill Clinton
96.4%
2016Hillary Clinton
96.4%
1960John F. Kennedy
92.8%
1960Richard M. Nixon
92%
2016Donald Trump
91.2%
2000Al Gore
89.4%
1948Harry S. Truman
87%
2008John McCain
80%
2012Mitt Romney
79.7%
1916Woodrow Wilson
79.5%
1976Gerald Ford
76.3%
2004John Kerry
75.5%
1884Grover Cleveland
71.1%
1888Grover Cleveland
71.1%
1892Grover Cleveland
71.1%
1944Thomas Dewey
68.3%
Year Answer % Correct
1948Thomas Dewey
68.3%
1844James K. Polk
65.6%
1888Benjamin Harrison
65.2%
1876Rutherford B. Hayes
60.3%
1880James A. Garfield
59.2%
1988Michael Dukakis
57%
1856James Buchanan
54.2%
1848Zachary Taylor
53.9%
1840Martin Van Buren
43.4%
1896William Jennings Bryan
38.9%
1900William Jennings Bryan
38.9%
1844Henry Clay
23.2%
1884James G. Blaine
13.3%
1916Charles Evans Hughes
12.3%
1880Winfield Hancock
9.5%
1868Horatio Seymour
6.7%

You're not logged in!

Compare scores with friends on all Sporcle quizzes.
Join for Free
OR
Log In

You Might Also Like...

Show Comments

Extras

Top Quizzes Today


Score Distribution

Your Account Isn't Verified!

In order to create a playlist on Sporcle, you need to verify the email address you used during registration. Go to your Sporcle Settings to finish the process.

Report this User

Report this user for behavior that violates our Community Guidelines.

Details: